Обзор минеральных ресурсов стран капиталистического мира (капиталистических и развивающихся стран) на начало 1967 г.: годовой

Dades bibliogràfiques
Autor corporatiu: СССР Министерство геологии (Мингео)
Altres autors: Быховер Н. А. Натан Аронович (редактор)
Idioma:rus
Publicat: Москва, 1968
Matèries:
Format: MixedMaterials Llibre
KOHA link:https://koha.lib.tpu.ru/cgi-bin/koha/opac-detail.pl?biblionumber=141369

MARC

LEADER 00000nam0a2200000 4500
001 141369
005 20231031142419.0
035 |a (RuTPU)RU\TPU\book\153219 
090 |a 141369 
100 |a 20080811d1968 k y0rusy50 ca 
101 0 |a rus 
102 |a RU 
105 |a y z 000zy 
200 1 |a Обзор минеральных ресурсов стран капиталистического мира (капиталистических и развивающихся стран) на начало 1967 г.  |e годовой  |f Министерство геологии СССР ; под ред. Н. А. Быховера 
210 |a Москва  |d 1968 
215 |a 279 с. 
512 1 |a Минеральные ресурсы стран капиталистического мира 
610 1 |a минеральные ресурсы 
610 1 |a капиталистические страны 
610 1 |a развивающиеся страны 
675 |a 338И  |v 3 
702 1 |a Быховер  |b Н. А.  |g Натан Аронович  |4 340 
712 0 1 |a СССР  |b Министерство геологии (Мингео)  |c (1946-1953, 1965-1991)  |2 stltpush  |3 (RuTPU)RU\TPU\col\9548 
801 1 |a RU  |b 63413507  |c 20080811  |g PSBO 
801 2 |a RU  |b 63413507  |c 20160429  |g PSBO 
942 |c BK